[Event "Ndola Copperbelt Elite"]
[Site "Ndola"]
[Date "2016.12.26"]
[Round "8"]
[White "Mulenga, Prince Daniel"]
[Black "Ng`Onga, Bornface"]
[Result "1-0"]
[WhiteElo "2181"]
[BlackElo "2078"]
[PlyCount "68"]
[EventDate "2016.12.24"]
[EventType "tourn"]
[EventRounds "9"]
[EventCountry "ZAM"]
[SourceTitle "EXT 2018"]
[Source "ChessBase"]
[SourceDate "2017.10.13"]
[SourceVersion "1"]
[SourceVersionDate "2017.10.13"]
[SourceQuality "1"]

1. c4 e5 2. g3 Nf6 3. Bg2 Nc6 4. e3 Bc5 5. Ne2 0-0 6. Nbc3 d6 7. a3 a5 8. h3 Bb6 9. 0-0 Re8 10. d3 Be6 11. e4 Nd7 12. Kh2 Ne7 13. f4 exf4 14. gxf4 f5 15. b3 c6 16. Qe1 Ng6 17. Qg3 Qh4 18. Bb2 Nc5 19. Nc1 Rad8 20. b4 Nd7 21. Nb3 Nf6 22. Qxh4 Nxh4 23. Na4 Bc7 24. Nd2 Ng6 25. Nc3 Nxf4 26. Rxf4 d5 27. Ne2 dxe4 28. Bxf6 Rxd3 29. Nf1 gxf6 30. Kh1 Bxf4 31. Nxf4 Rd4 32. Ne3 axb4 33. axb4 Kf7 34. Ra7 Re7 1-0

[Event "Ndola Copperbelt Elite"]
[Site "Ndola"]
[Date "2016.12.25"]
[Round "4"]
[White "Humphrey, Mulenga"]
[Black "Ng`Onga, Bornface"]
[Result "0-1"]
[WhiteElo "2042"]
[BlackElo "2078"]
[PlyCount "114"]
[EventDate "2016.12.24"]
[EventType "tourn"]
[EventRounds "9"]
[EventCountry "ZAM"]
[SourceTitle "EXT 2018"]
[Source "ChessBase"]
[SourceDate "2017.10.13"]
[SourceVersion "1"]
[SourceVersionDate "2017.10.13"]
[SourceQuality "1"]

1. d4 e6 2. c4 d5 3. cxd5 exd5 4. Nc3 Nf6 5. Nf3 Bd6 6. g3 Bf5 7. Bg2 0-0 8. 0-0 c6 9. Re1 Re8 10. a3 Ne4 11. Nh4 Nxc3 12. bxc3 Be6 13. Nf3 Nd7 14. Qb3 b5 15. Qc2 h6 16. Bd2 Qf6 17. Nh4 g5 18. Nf3 Bf5 19. Qb3 Nb6 20. Rad1 Qg6 21. Qa2 a5 22. h4 g4 23. Ne5 Bxe5 24. dxe5 Rxe5 25. Be3 Rxe3 26. fxe3 Nc4 27. Rc1 Qd6 28. Kh2 Re8 29. e4 Bxe4 30. e3 a4 31. Qf2 Qe5 32. Bxe4 Qxe4 33. Qf4 Nd2 34. Qxe4 Rxe4 35. Kg2 Nc4 36. Ra1 Kf8 37. Kf2 Ke7 38. Re2 Ke6 39. Raa2 Re5 40. Ra1 Rf5+ 41. Kg2 Re5 42. Kf2 Rf5+ 43. Kg2 Ke5 44. Rae1 Ke4 45. Rd1 c5 46. Rf1 Rf3 47. Rb1 Nxa3 48. Ra1 Nc4 49. Rb1 Nd6 50. c4 dxc4 51. Rd2 Ke5 52. Rbd1 Ne4 53. Rd8 Rxg3+ 54. Kh2 Rxe3 55. R1d5+ Kf4 56. R8d7 f6 57. Rb7 c3 0-1

[Event "Ndola Copperbelt Elite"]
[Site "Ndola"]
[Date "2016.12.24"]
[Round "2"]
[White "Ng`Onga, Bornface"]
[Black "Mulenga, Alfred"]
[Result "1/2-1/2"]
[WhiteElo "2078"]
[BlackElo "2061"]
[PlyCount "74"]
[EventDate "2016.12.24"]
[EventType "tourn"]
[EventRounds "9"]
[EventCountry "ZAM"]
[SourceTitle "EXT 2018"]
[Source "ChessBase"]
[SourceDate "2017.10.13"]
[SourceVersion "1"]
[SourceVersionDate "2017.10.13"]
[SourceQuality "1"]

1. e4 e5 2. Nf3 Nc6 3. Bc4 Bc5 4. b4 Bxb4 5. c3 Ba5 6. d4 Qe7 7. 0-0 Bb6 8. Bg5 Nf6 9. a4 a6 10. Nbd2 d6 11. h3 h6 12. Be3 Ba7 13. Re1 0-0 14. Nh4 Kh7 15. Nf5 Bxf5 16. exf5 Qd7 17. dxe5 Nxe5 18. Bb3 Rfe8 19. Bxa7 Rxa7 20. g4 Raa8 21. Re3 g5 22. fxg6+ Nxg6 23. Rf3 Kg7 24. Nf1 Nh4 25. Rf4 Qc6 26. f3 Qxc3 27. Rc1 Qb2 28. Bc2 Re2 29. Qxe2 Qxc1 30. Rc4 Re8 31. Qf2 Qe1 32. Rxc7 Re2 33. Qxe1 Nxf3+ 34. Kh1 Nxe1 35. Bd1 Rb2 36. Re7 Nd3 37. Bf3 Nf2+ 1/2-1/2